| 000 | 00664nam a22001815i 4500 | ||
|---|---|---|---|
| 001 | 54530 | ||
| 003 | ES-MaACL | ||
| 005 | 20230906162954.0 | ||
| 007 | t| | ||
| 008 | 960806s1866 fr ||||1| fre d | ||
| 040 |
_aCLM _bspa _cCCPB | SIC |
||
| 100 | 1 |
_aFranck, Adolphe. _952203 |
|
| 245 | 1 | 3 |
_aLa philosophie mystique en France a la fin du XVIII\pe\s siècle _b: Saint-Martin et son maitre Martinez Pasqualis / _cpar Ad. Franck. |
| 260 |
_aParis : _bGermer Baillière, _c1866 ( _fImprimerie de E. Martinet) |
||
| 300 |
_a228, 8 p. ; _c19 cm. |
||
| 505 | 8 | _aAl fin., con pag. propia, catálogo de obras publicadas por G. Baillière | |
| 852 |
_aES-MaACL _jF-12194 |
||
| 999 |
_c54530 _d54530 |
||